Missing Word: California Music (A-Z) Quiz Stats

 Plays Quiz Updated Jun 13, 2015

Challenge
Share
Tweet
Embed
Score 0/25 Timer 04:00
0 Plays Today
Artist - Song Missing Word % Correct
The Eagles - ____ CaliforniaHotel
97.1%
Katy ____ - RoarPerry
96.2%
Metallica - ____ Else MattersNothing
96%
Green Day - Know ___ EnemyYour
95.7%
____ Cube - It Was a Good DayIce
95.2%
The Bangles - Walk Like an ____Egyptian
94%
Santana - Black ____ WomanMagic
88.4%
Guns N' Roses - Welcome to the ____Jungle
87.5%
Jefferson Airplane - ____ RabbitWhite
83.9%
The Beach Boys - ____ SafariSurfin'
81.2%
____ Flag - SixpackBlack
77.9%
The Doors - ____ on the StormRiders
77.2%
Los ____ - La BambaLobos
76.4%
Artist - Song Missing Word % Correct
Jane's ____ - Been Caught StealingAddiction
75%
The Byrds - Mr. ____ ManTambourine
74.8%
____ Dead - Uncle John's BandGrateful
73.7%
N.W.A. - Straight Outta ____Compton
69.8%
Motley Crue - Dr. ____Feelgood
58.4%
Red Hot Chili Peppers - ____ CaliforniaDani
57%
Warren ____ - Werewolves of LondonZevon
54%
Dead ____ - California Über AllesKennedys
51%
Buck ____ - Act NaturallyOwens
49%
Wall of ____ - Mexican RadioVoodoo
26%
____ Messenger Service - Shady GroveQuicksilver
22.1%
Frank Zappa - The ____ Meat VariationsUncle
9.6%

Today's Daily Dose

You're not logged in!

Compare scores with friends on all Sporcle quizzes.
OR
Log In

You Might Also Like...

Show Comments

Extras

Top Quizzes Today


Score Distribution

Your Account Isn't Verified!

In order to create a playlist on Sporcle, you need to verify the email address you used during registration. Go to your Sporcle Settings to finish the process.

Report this User

Report this user for behavior that violates our Community Guidelines.

Details: